• 首页
  • 本馆介绍
  • 公告通知
  • 最新文献
  • 馆藏检索
  • 电子资源
  • 读者导购
  • 参考咨询
  • 我的图书馆
  • 登录
  • 详细信息显示
  • 放入我的书架
  • 预约/预借图书
  • 作者相关作品
  • 分类相关作品
  • 丛书相关作品
  • 出版社相关作品

书目信息

  • 表格格式
  • 工作单格式
  • 卡片格式
题名:
中微子
    
 
作者: 别列津斯基 , Березинский 著 ;朱吉立靖 , 李光遂 译
分册:  
出版信息: 北京   科学出版社  1985
页数: 66页
开本: 19cm
丛书名:
单 册:
中图分类: O572.32
科图分类:
主题词: 中微子
电子资源:
ISBN:
000 00806nam0 2200277 45
001 0185010918
005 20040517171228.7
010    @dCNY0.48
091    @a13031.2958
100    @a19900918d1985 kemy0chiy0121 ea
101 1  @achi@crus
102    @aCN@b110000
105    @ay z 000yy
106    @ar
200 10 @a中微子@Azhong wei zi@f(苏)别列津斯基(Березинский,В.)著@g朱吉立青, 李光遂译
210    @a北京@c科学出版社@d1985
215    @a66页@d19cm
606    @a中微子
690    @aO572.32@v3
701  1 @a别列津斯基@Abie lie jin si ji@bВ@4著
701 A1 @aБерезинский@bВ@4著
702  0 @a朱吉立靖@Azhu ji li jing@4译
702  0 @a李光遂@Ali guang sui@4译
801  0 @aCN@b深圳图书馆@c20040517
801  2 @aCN@bNLC@c20040517
905    @f3@b141159-161@dO572.32@e11
    
    中微子/(苏)别列津斯基(Березинский,В.)著/朱吉立青, 李光遂译.-北京:科学出版社,1985
    66页;19cm
    
    
    ISBN :CNY0.48
    
●
相关链接 在E读中查询图书 在五车中查询图书 在当当中查询图书 在豆瓣中查询图书


正题名:中微子     索取号:O572.32/11         预约/预借

序号 登录号 条形码 馆藏地/架位号 状态 备注
1 0141159   001452314   第三借阅区/ [索取号:O572.32/11] 在馆    
2 0141160   001452270   第三借阅区/ [索取号:O572.32/11] 在馆    
3 0141161   001452305   第三借阅区/ [索取号:O572.32/11] 在馆    
4 0141162   001938853   第三借阅区/ [索取号:O572.32/11] 在馆    
5 0141163   001452243   第二样本阅览室/ [索取号:O572.32/11] 在馆    
唐山师范学院图书馆 欢迎您!
大连网信软件有限公司© 版权所有